Schönste Länder laut ChatGPT - Statistiken

Allgemein
  • Dieses Quiz wurde 386 mal gespielt
  • Das Durchschnittsergebnis liegt bei 11 aus 20
Antwortstatistiken
Land % Korrekt
Vereinigte Staaten
92%
Kanada
82%
China
79%
Italien
79%
Japan
79%
Australien
77%
Brasilien
77%
Neuseeland
60%
Indien
57%
Thailand
49%
Griechenland
48%
Indonesien
48%
Türkei
45%
Südafrika
44%
Chile
35%
Peru
31%
Vietnam
29%
Irland
25%
Malaysia
20%
Costa Rica
10%
Keine übereinstimmenden Quizze gefunden
Verteilung der Resultate
Anzahl Personen mit jedem Resultat
Perzentil nach korrekt beantworteten Fragen
Ihre Resultats-Entwicklung
Sie haben dieses Quiz noch nicht gespielt